000 00261nam a22001097a 4500
999 _c163349
_d163349
082 _a
_b
100 _aBahadur K P
245 _aCaste,tribes and culture of India (v.3)/
_cby Bahadur K P.
260 _aNew Delhi:
_bEss Ess,
_c1977.
650 _a
942 _cBK